Central Library OPAC University of Rajshahi

Homestead agriculture and food processing project : (Record no. 56309)

MARC details
000 -LEADER
fixed length control field 00645nam a2200217 a 4500
001 - CONTROL NUMBER
control field 56309
003 - CONTROL NUMBER IDENTIFIER
rucl marc code BD-RjUL
005 - DATE AND TIME OF LATEST TRANSACTION
control field 20211209080359.0
008 - FIXED-LENGTH DATA ELEMENTS--GENERAL INFORMATION
fixed length control field 161128s1995 bg ||||| |||| 00| 0 eng d
035 ## - SYSTEM CONTROL NUMBER
System control number (BD-RjUL)56433
040 ## - CATALOGING SOURCE
Original cataloging agency BD-RjUL
Language of cataloging eng
Transcribing agency BD-RjUL
Modifying agency BD-RjUL
041 ## - LANGUAGE CODE
Language code of text/sound track or separate title eng
082 ## - DEWEY DECIMAL CLASSIFICATION NUMBER
Edition number 23
Classification number 631.21
Author mark and year BAH 1995
100 ## - MAIN ENTRY--PERSONAL NAME
Personal name Banu, Tahamin
9 (RLIN) 167555
245 10 - TITLE STATEMENT
Title Homestead agriculture and food processing project :
Remainder of title Lessons learnt and their replicability /
Statement of responsibility, etc. Tahamin Banu
260 ## - PUBLICATION, DISTRIBUTION, ETC. (IMPRINT)
Place of publication, distribution, etc. Bangladesh :
Name of publisher, distributor, etc. Kotbari,
Date of publication, distribution, etc. 1995
300 ## - PHYSICAL DESCRIPTION
Pagination 40 p. ;
Size 26 cm.
650 ## - SUBJECT ADDED ENTRY--TOPICAL TERM
Topical term or geographic name as entry element agriculture
9 (RLIN) 167556
Topical term or geographic name as entry element Farmhouses
9 (RLIN) 167557
942 ## - ADDED ENTRY ELEMENTS (KOHA)
Source of classification or shelving scheme Dewey Decimal Classification
Koha item type Books
Holdings
Lost status Source of classification or shelving scheme Damaged status Not for loan Collection code Permanent Location Current Location Shelving location Date acquired Source of acquisition Cost, normal purchase price Total Checkouts Full call number Date last seen Copy number Koha item type
  Dewey Decimal Classification     Non-fiction Central Library, University of Rajshahi Central Library, University of Rajshahi   09/01/2008 Comilla, Ban.poli. union ecademy 30.00   631.21 BAH 1995 28/11/2016 C-2 Books